پيا ر ی پيا ر ی نظميں (Record no. 181512)

MARC details
000 -LEADER
fixed length control field 00645nam a22001937a 4500
005 - DATE AND TIME OF LATEST TRANSACTION
control field 20210916145536.0
010 ## - LCCN (DPL NO)
LC control number UR-11239
020 ## - INTERNATIONAL STANDARD BOOK NUMBER
Terms of availability 150.00
International Standard Book Number 9789390789511
035 ## - SYSTEM CONTROL NUMBER
System control number U-9794
037 ## - SOURCE OF ACQUISITION
Source of stock number/acquisition DBAD/PUB
082 ## - DEWEY DECIMAL CLASSIFICATION NUMBER
Classification number 841
100 ## - MAIN ENTRY--PERSONAL NAME
Personal name پر و فيسر طر ز ی
245 ## - TITLE STATEMENT
Title پيا ر ی پيا ر ی نظميں
Statement of responsibility, etc پر و فيسر طر ز ی
246 ## - VARYING FORM OF TITLE
Title proper/short title Piyari Piyari Nazmein (Urdu)
Remainder of title by Prof.Tarzi
260 ## - PUBLICATION, DISTRIBUTION, ETC. (IMPRINT)
Place of publication, distribution, etc N.Delhi
Date of publication, distribution, etc 2020 ء
Name of publisher, distributor, etc Educational Publishing House
270 ## - ADDRESS
Address 3191, Vakil Street, Kucha Pandit Lal Kuan,
City Delhi
Postal code 110006
Fax number -
300 ## - PHYSICAL DESCRIPTION
Extent 48 ص
Dimensions 22 Cm(Hb)
942 ## - ADDED ENTRY ELEMENTS (KOHA)
Source of classification or shelving scheme Dewey Decimal Classification
Item type Urdu Bks
Classification part 841
Call number suffix ط ر ز
Holdings
Withdrawn status Lost status Not for loan Collection code Home library Current library Date acquired Source of acquisition Cost, normal purchase price Full call number Barcode Copy number Cost, replacement price Koha item type
    Not For Loan Non-fiction D.B.Act.Division Central Library 16/09/2021 DBAD/PUB 50.00 841 ط ر ز U-9794 1 50.00 Urdu Bks

© Delhi Public Library
Hit Counter
free hit counter